[Event "CHN Team Women 2016"]
[Site "Wuxi CHN"]
[Date "2016.08.04"]
[Round "9.1"]
[Board "2"]
[White "Zhang, Xiao"]
[Black "Ni, Shiqun"]
[Result "1-0"]
[BlackTitle "WGM"]
[WhiteElo "1877"]
[BlackElo "2389"]
[WhiteTeam "Shanxi Huxiaoling"]
[BlackTeam "Shanghai"]
[WhiteFideId "8610894"]
[BlackFideId "8608466"]
[EventDate "2016.07.28"]

1. d4 Nf6 2. c4 g6 3. Nc3 d5 4. e3 Bg7 5. Nf3 O-O 6. Qb3 e6 7. Bd2 b6 8. cxd5
exd5 9. Bd3 c5 10. dxc5 bxc5 11. Qa3 Nbd7 12. O-O Bb7 13. Ba6 Bc6 14. Bb5 Bxb5
15. Nxb5 Qb6 16. Nc3 Rfd8 17. Rab1 Qe6 18. Ne2 Ne4 19. Nf4 Qf5 20. Ba5 Nb6 21.
Rfd1 d4 22. Ne2 dxe3 23. fxe3 Rxd1+ 24. Rxd1 Nc4 25. Qa4 Nxb2 26. Qc6 Rf8 27.
Rd5 Qc8 28. Qb5 Qb8 29. Qa6 Bh6 30. Nc3 Bxe3+ 31. Kf1 Nf2 32. Ne5 Ng4 33. Nb5
Nxe5 34. Bc7 Qc8 35. Qxc8 Rxc8 36. Bxe5 Nc4 37. Nxa7 Ra8 38. Bf6 Nd2+ 39. Ke2
Ne4 40. Rd8+ Rxd8 41. Bxd8 Bg1 42. Kd3 Nd6 43. Nc6 Bxh2 44. a4 Nb7 45. a5 Nxd8
46. Nxd8 Bc7 47. a6 c4+ 48. Kxc4 Bb6 49. Kb5 Bg1 50. Nb7 Ba7 51. Kc6 h5 52. Nd6
h4 53. Kb7 Bg1 54. Nc4 g5 55. Nb6 g4 56. a7 h3 57. gxh3 gxh3 58. a8=Q+ 1-0

[Event "CHN Team Women 2016"]
[Site "Wuxi CHN"]
[Date "2016.08.04"]
[Round "9.1"]
[Board "3"]
[White "Zhang, Xiaowen"]
[Black "Zhang, Yuxuan"]
[Result "1/2-1/2"]
[WhiteTitle "WGM"]
[WhiteElo "2364"]
[BlackElo "1864"]
[WhiteTeam "Shanghai"]
[BlackTeam "Shanxi Huxiaoling"]
[WhiteFideId "8603219"]
[BlackFideId "8610908"]
[EventDate "2016.07.28"]

1. e4 c5 2. Nf3 e6 3. d4 cxd4 4. Nxd4 Nc6 5. Nc3 a6 6. Nxc6 bxc6 7. Bd3 d5 8.
O-O Nf6 9. Re1 Be7 10. e5 Nd7 11. Qg4 g6 12. Bh6 Rb8 13. b3 Rb4 14. Qd1 Bg5 15.
Bxg5 Qxg5 16. Qc1 Qxc1 17. Raxc1 a5 18. Na4 c5 19. c3 Rb8 20. c4 d4 21. f4 Ke7
22. Kf2 Bb7 23. Bc2 Bc6 24. Nb2 a4 25. Nd3 Rb6 26. Rb1 axb3 27. axb3 Ra8 28. Rb2
Ra3 29. g4 Rb8 30. Bd1 Rba8 31. Bf3 1/2-1/2

[Event "CHN Team Women 2016"]
[Site "Wuxi CHN"]
[Date "2016.08.04"]
[Round "9.2"]
[Board "1"]
[White "Li, Xueyi"]
[Black "Zhao, Xue"]
[Result "0-1"]
[BlackTitle "GM"]
[WhiteElo "2176"]
[BlackElo "2510"]
[WhiteTeam "Guangdong"]
[BlackTeam "Beijing Beiao"]
[WhiteFideId "8605912"]
[BlackFideId "8601283"]
[EventDate "2016.07.28"]

1. d4 Nf6 2. c4 e6 3. g3 Bb4+ 4. Bd2 c5 5. Bxb4 cxb4 6. Bg2 O-O 7. e3 d6 8. Ne2
a5 9. a3 Na6 10. O-O e5 11. axb4 axb4 12. Nd2 Re8 13. h3 Qc7 14. Rc1 Bf5 15. Nf3
Rac8 16. g4 Be6 17. Ng3 h6 18. b3 Nh7 19. Nh4 Bd7 20. Nhf5 Bc6 21. e4 g6 22. Ne3
exd4 23. Qxd4 Nc5 24. Rb1 Qe7 25. Nd5 Bxd5 26. exd5 Qh4 27. Qd2 Ng5 28. Kh2
Qxh3+ 29. Kg1 Qxg4 30. Qxb4 h5 0-1

[Event "CHN Team Women 2016"]
[Site "Wuxi CHN"]
[Date "2016.08.04"]
[Round "9.2"]
[Board "2"]
[White "Wang, Jue"]
[Black "Liu, Manli"]
[Result "1-0"]
[WhiteTitle "WGM"]
[WhiteElo "2381"]
[BlackElo "2035"]
[WhiteTeam "Beijing Beiao"]
[BlackTeam "Guangdong"]
[WhiteFideId "8604070"]
[BlackFideId "8608121"]
[EventDate "2016.07.28"]

1. e4 c5 2. Nf3 Nc6 3. Bb5 g6 4. Bxc6 dxc6 5. d3 Bg7 6. h3 Nf6 7. Nc3 O-O 8. Bf4
Re8 9. Qd2 e5 10. Bh6 Qd6 11. O-O-O b5 12. Qe3 a5 13. g4 a4 14. Ne2 Be6 15. Kb1
b4 16. Bxg7 Kxg7 17. Ng5 Ra5 18. f4 exf4 19. Nxf4 Bd7 20. Qg3 Qe7 21. Nf3 b3 22.
g5 bxc2+ 23. Kxc2 Nxe4 24. Qe1 Ra7 25. dxe4 Qxe4+ 26. Qxe4 Rxe4 27. Nd3 Bf5 28.
Kc3 Re3 29. Nh4 Be6 30. Ng2 Rg3 31. Nf4 Bxa2 32. Rhg1 Rf3 33. Rdf1 Re3 34. Kd2
Re4 35. Nxc5 Rd4+ 36. Ke3 Rc4 37. Nfd3 Re7+ 38. Kd2 Rh4 39. Rg3 h6 40. gxh6+
Kxh6 41. Rf6 Bd5 42. Rf4 Rxf4 43. Nxf4 Bh1 44. Ne2 f5 45. h4 Re5 46. Nd3 Rd5 47.
Nf4 Rd6 48. Ke3 1-0

[Event "CHN Team Women 2016"]
[Site "Wuxi CHN"]
[Date "2016.08.04"]
[Round "9.2"]
[Board "3"]
[White "Chen, Junping"]
[Black "Wang, Yu A."]
[Result "0-1"]
[BlackTitle "IM"]
[WhiteElo "1817"]
[BlackElo "2359"]
[WhiteTeam "Guangdong"]
[BlackTeam "Beijing Beiao"]
[WhiteFideId "8607001"]
[BlackFideId "8601097"]
[EventDate "2016.07.28"]

1. d4 d5 2. c4 c6 3. Nc3 Nf6 4. Nf3 dxc4 5. a4 Bg4 6. Ne5 Bh5 7. Nxc4 e6 8. g3
Bb4 9. Bg2 O-O 10. O-O Nbd7 11. Bf4 Nd5 12. Nxd5 exd5 13. Bd2 Re8 14. Re1 Bf8
15. Na5 Qb6 16. b4 Bxb4 17. Rb1 Qxa5 18. Rxb4 Qa6 19. Bf1 Nb6 20. e3 Bxd1 21.
Bxa6 bxa6 22. Rxd1 Nc4 23. Be1 Rab8 24. Rdb1 Rb6 25. a5 Rb5 26. Rxb5 axb5 27. a6
f5 28. Bb4 Kf7 29. h3 Ke6 30. Kg2 Rb8 31. Bc5 h5 32. Rb4 Nb6 33. Kf3 g5 34. h4
gxh4 35. gxh4 Nd7 36. Bxa7 Ra8 37. Bc5 Nxc5 38. dxc5 Rxa6 39. Rb1 Ra4 40. Rg1
Rg4 41. Ra1 0-1

[Event "CHN Team Women 2016"]
[Site "Wuxi CHN"]
[Date "2016.08.04"]
[Round "9.3"]
[Board "1"]
[White "Ren, Xiaoyi"]
[Black "Xiao, Yiyi"]
[Result "1-0"]
[BlackTitle "WFM"]
[WhiteElo "2202"]
[BlackElo "2292"]
[WhiteTeam "Chengdu"]
[BlackTeam "Tianjing Chunhua"]
[WhiteFideId "8608709"]
[BlackFideId "8606161"]
[EventDate "2016.07.28"]

1. d4 Nf6 2. c4 c5 3. e3 e6 4. Nf3 d5 5. Nc3 Nc6 6. Be2 Be7 7. O-O O-O 8. b3
cxd4 9. Nxd4 Qa5 10. cxd5 Nxd4 11. Qxd4 Nxd5 12. Nxd5 exd5 13. Bd2 Qa3 14. Bf3
Be6 15. Bc3 Bf6 16. Qd2 Bxc3 17. Qxc3 Rac8 18. Qd2 Rc5 19. Rac1 Rfc8 20. Rxc5
Qxc5 21. h3 Qc2 22. Rd1 Qxd2 23. Rxd2 g6 24. Bxd5 Bxd5 25. Rxd5 Rc1+ 26. Kh2 Rc2
27. Ra5 a6 28. Kg3 Kg7 29. Ra4 Rb2 30. Kf3 h5 31. g4 hxg4+ 32. hxg4 Kf6 33. Kg3
Re2 34. Rf4+ Kg7 35. a4 Rc2 36. Rc4 Rd2 37. Rc7 b5 38. axb5 axb5 39. Rc5 b4 40.
Rc4 Rb2 41. Rxb4 Kf6 42. Rb6+ Ke7 43. g5 Rb1 44. Kf4 1-0

[Event "CHN Team Women 2016"]
[Site "Wuxi CHN"]
[Date "2016.08.04"]
[Round "9.3"]
[Board "2"]
[White "Zhang, Lanlin"]
[Black "Nie, Xin"]
[Result "1-0"]
[WhiteElo "2150"]
[BlackElo "2078"]
[WhiteTeam "Tianjing Chunhua"]
[BlackTeam "Chengdu"]
[WhiteFideId "8608032"]
[BlackFideId "8605610"]
[EventDate "2016.07.28"]

1. b3 e5 2. Bb2 Nc6 3. e3 Nf6 4. Bb5 Bd6 5. Nf3 Qe7 6. d4 exd4 7. Nxd4 Nxd4 8.
Qxd4 c6 9. Bd3 Bb4+ 10. Nd2 d5 11. O-O-O Be6 12. h3 Bc5 13. Qh4 Ba3 14. Rhe1
Bxb2+ 15. Kxb2 O-O-O 16. e4 Qb4 17. c3 Qb6 18. exd5 Nxd5 19. Ne4 Qc7 20. Nc5 Qf4
21. Qxf4 Nxf4 22. Be4 Rxd1 23. Rxd1 g6 24. c4 Re8 25. Bf3 Kc7 26. Rd4 g5 27. Ne4
h6 28. Nf6 Rd8 29. Kc3 Bf5 30. a3 Bg6 31. Rxd8 Kxd8 32. Kd4 Kc7 33. b4 Nd3 34.
Ng8 Nxf2 35. Nxh6 f6 36. Ng8 f5 37. Nf6 Kd6 38. Ke3 Nh1 39. Bh5 f4+ 40. Kd4 Bf5
41. Bd1 Ng3 42. Bf3 Bd3 1-0

[Event "CHN Team Women 2016"]
[Site "Wuxi CHN"]
[Date "2016.08.04"]
[Round "9.3"]
[Board "3"]
[White "Li, Yunshan"]
[Black "Liu, Hongyan"]
[Result "1/2-1/2"]
[WhiteTitle "WFM"]
[WhiteElo "2045"]
[BlackElo "2071"]
[WhiteTeam "Chengdu"]
[BlackTeam "Tianjing Chunhua"]
[WhiteFideId "8607664"]
[BlackFideId "8604789"]
[EventDate "2016.07.28"]

1. d4 Nf6 2. c4 e6 3. g3 d5 4. Nf3 c6 5. Bg2 Nbd7 6. Qc2 Be7 7. O-O O-O 8. Bg5
b6 9. Nfd2 Bb7 10. e4 h6 11. Bxf6 Nxf6 12. e5 Nd7 13. cxd5 exd5 14. f4 c5 15.
Nf3 cxd4 16. Nxd4 Rc8 17. Qd2 Rc4 18. Kh1 Nc5 19. Nc3 Ne4 20. Qe3 Bc5 21. Nce2
Rc2 22. b4 Rxe2 23. Qxe2 Bxd4 24. Rad1 Nc3 25. Qd3 Bxe5 26. fxe5 Nxd1 27. Rxd1
Qe7 28. Qd4 Re8 29. Re1 Qe6 30. Bf3 Rc8 31. a3 Rc4 32. Qd3 Bc6 33. Bg2 1/2-1/2

[Event "CHN Team Women 2016"]
[Site "Wuxi CHN"]
[Date "2016.08.04"]
[Round "9.4"]
[Board "1"]
[White "Shen, Yang"]
[Black "Ning, Kaiyu"]
[Result "1/2-1/2"]
[WhiteTitle "IM"]
[WhiteElo "2477"]
[BlackElo "1820"]
[WhiteTeam "Jiangsu Lvyang"]
[BlackTeam "Henan Qixie"]
[WhiteFideId "8603162"]
[BlackFideId "8614750"]
[EventDate "2016.07.28"]

1. d4 d5 2. Nf3 Nf6 3. c4 dxc4 4. e3 a6 5. Bxc4 b5 6. Bd3 Bb7 7. O-O Nbd7 8. Bd2
c5 9. a4 b4 10. dxc5 Nxc5 11. Bc4 a5 12. Ne5 e6 13. Bb5+ Nfd7 14. e4 Ba6 15. Qh5
g6 16. Qf3 f6 17. Nxd7 Nxd7 18. Rd1 Bxb5 19. axb5 Bc5 20. Bh6 Kf7 21. Qh3 Qc7
22. Nd2 Rad8 23. Nb3 Bb6 24. Be3 Bxe3 25. Qxe3 Ne5 26. Rdc1 Qb8 27. Rxa5 g5 28.
Qa7+ Rd7 29. Qxb8 Rxb8 30. Kf1 Rdb7 31. Ke2 Rxb5 32. Rc7+ Kg6 33. Raa7 Rg8 34.
Rxh7 Nc6 35. Rac7 Re5 36. f3 f5 37. h4 gxh4 38. Rxh4 Nd8 39. Kf2 fxe4 40. f4 Rf8
41. Ke3 Rd5 42. Nc5 Nf7 43. Nxe6 Re8 44. g4 Rd6 45. f5+ Kf6 46. Kf4 Rdxe6 47.
Rh6+ 1/2-1/2

[Event "CHN Team Women 2016"]
[Site "Wuxi CHN"]
[Date "2016.08.04"]
[Round "9.4"]
[Board "2"]
[White "Cai, Youyang"]
[Black "Yuan, Ye"]
[Result "0-1"]
[WhiteElo "1791"]
[BlackElo "2175"]
[WhiteTeam "Henan Qixie"]
[BlackTeam "Jiangsu Lvyang"]
[WhiteFideId "8616930"]
[BlackFideId "8608415"]
[EventDate "2016.07.28"]

1. c4 e5 2. Nc3 Nf6 3. e4 Bc5 4. Be2 O-O 5. Nf3 Re8 6. O-O c6 7. d3 Bb6 8. Bg5
h6 9. Bh4 d6 10. h3 Nbd7 11. Nh2 Qc7 12. Qd2 a5 13. Kh1 Nh7 14. Ng4 Ndf8 15. Bg3
Ng6 16. h4 Bxg4 17. Bxg4 Qe7 18. h5 Nf4 19. Bxf4 exf4 20. g3 fxg3 21. fxg3 Nf6
22. Bf3 Qe5 23. Qh2 Bd4 24. Rac1 Qg5 25. Ne2 Be3 26. Rcd1 d5 27. exd5 cxd5 28.
Nf4 dxc4 29. dxc4 Ng4 30. Bxg4 Qxg4 31. Qh3 Qg5 32. Rd5 Qe7 33. Qf5 Bxf4 34.
Qxf4 b6 35. Rf5 f6 36. Qf3 Kh8 37. Rd5 Qe6 38. Kg2 a4 39. Rf2 Ra7 40. Rfd2 Rae7
41. b3 axb3 42. axb3 Qc8 43. Qf5 Qa8 44. Qf2 Re6 45. Kh2 Qa3 46. Rb5 Qc1 47.
Rbd5 Qb1 48. Rb2 Qe4 49. Rbd2 Qg4 50. R2d4 Re4 51. Rxe4 Rxe4 52. Rd2 Qxh5+ 53.
Kg2 Qe5 54. Rd5 Qe6 55. Rd2 Re3 56. b4 Qe4+ 57. Kh2 Re1 0-1

[Event "CHN Team Women 2016"]
[Site "Wuxi CHN"]
[Date "2016.08.04"]
[Round "9.4"]
[Board "3"]
[White "Hu, Yue"]
[Black "Bai, Xue"]
[Result "1-0"]
[WhiteElo "1893"]
[BlackElo "1762"]
[WhiteTeam "Jiangsu Lvyang"]
[BlackTeam "Henan Qixie"]
[WhiteFideId "8610339"]
[BlackFideId "8608717"]
[EventDate "2016.07.28"]

1. e4 e5 2. Nf3 Nc6 3. Bc4 Be7 4. O-O Nf6 5. d3 d6 6. a4 O-O 7. c3 Bg4 8. h3 Bh5
9. Re1 h6 10. Nbd2 Nh7 11. g4 Bg6 12. Kg2 Kh8 13. Nf1 Ng5 14. Nh4 Bh7 15. Nf5
Bxf5 16. gxf5 Nh7 17. Ng3 Bg5 18. Be3 Bxe3 19. Rxe3 Ne7 20. Qb3 Qd7 21. Rg1 c6
22. Bxf7 Nxf5 23. Nxf5 Qxf7 24. Qxf7 Rxf7 25. Nxd6 Rd7 26. Nc4 Re8 27. a5 Nf6
28. Kf3 Nh5 29. b4 Kh7 30. Ke2 Nf6 31. Kd2 g5 32. Reg3 Nh5 33. Rf3 Nf4 34. h4
Rg7 35. hxg5 Rxg5 36. Rxg5 hxg5 37. Nd6 Re7 38. Nc8 Re8 39. Nd6 Re7 40. d4 Re6
41. Nf7 Kg6 42. Nxe5+ Kh5 43. Rg3 b6 44. Rg1 Kh6 45. Nf7+ 1-0

[Event "CHN Team Women 2016"]
[Site "Wuxi CHN"]
[Date "2016.08.04"]
[Round "9.5"]
[Board "1"]
[White "Zhai, Mo"]
[Black "Yao, Lan"]
[Result "1-0"]
[WhiteTitle "WGM"]
[WhiteElo "2355"]
[BlackElo "2131"]
[WhiteTeam "Hebei Ticai"]
[BlackTeam "Qingdao"]
[WhiteFideId "8600201"]
[BlackFideId "8610835"]
[EventDate "2016.07.28"]

1. d4 Nf6 2. c4 e6 3. Nf3 b6 4. g3 Ba6 5. b3 Bb7 6. Bg2 Bb4+ 7. Bd2 a5 8. O-O
O-O 9. Bf4 Be7 10. Nc3 Ne4 11. Qc2 Nxc3 12. Qxc3 d6 13. Rad1 Be4 14. Bc1 Nd7 15.
Bb2 Nf6 16. d5 e5 17. Bh3 Bg6 18. Nd2 Ne4 19. Nxe4 Bxe4 20. f4 f5 21. fxe5 dxe5
22. Qxe5 Bc5+ 23. Bd4 Bxd4+ 24. Rxd4 Re8 25. Qf4 Qf6 26. e3 Re5 27. Rfd1 Qd6 28.
Bf1 Rae8 29. R1d2 Bb1 30. Bd3 Bxd3 31. R4xd3 Qc5 32. Qd4 Qd6 33. Qf4 Qc5 34. Rf2
g6 35. Qd4 Qd6 36. Rf4 R8e7 37. Kg2 Re8 38. Rc3 Qa3 39. Qd2 Qc5 40. Qd4 Qa3 41.
c5 bxc5 42. Qxc5 Qxa2+ 43. Rf2 Qb1 44. Qxa5 Qe4+ 45. Kg1 Rxd5 46. Qxc7 Rd1+ 47.
Rf1 Rxf1+ 48. Kxf1 Qh1+ 49. Ke2 Qg2+ 50. Kd3 Qe4+ 51. Kd2 Qg2+ 52. Kc1 Qf1+ 53.
Kb2 Qe2+ 54. Ka3 Qa6+ 55. Kb4 Qa8 56. Qc4+ Kh8 57. Qd4+ Kg8 58. Rc4 Rb8+ 59. Kc3
Qa1+ 60. Kc2 Qa2+ 61. Qb2 Qa7 62. Rd4 Rc8+ 63. Kd2 Qb7 64. e4 fxe4 65. Ke3 Re8
66. Qc3 Rc8 67. Rc4 Rxc4 68. Qxc4+ Kg7 69. b4 Kh6 70. b5 Qa7+ 71. Kxe4 Qe7+ 72.
Kd3 Qd6+ 73. Kc2 Qb6 74. Kb3 Qe3+ 75. Qc3 Qe6+ 76. Ka3 Qe7+ 77. Ka4 Qe4+ 78. Ka5
Qa8+ 79. Kb6 Qb8+ 80. Kc5 Qc7+ 81. Kb4 Qe7+ 82. Kb3 Qe6+ 83. Kc2 Qe4+ 84. Qd3
Qa4+ 85. Kd2 Qb4+ 86. Ke2 Kg7 87. Kf3 Kf6 88. Qd8+ Ke5 89. Qg5+ Kd6 90. Qf4+
Qxf4+ 91. Kxf4 h6 92. h4 Kd5 1-0

[Event "CHN Team Women 2016"]
[Site "Wuxi CHN"]
[Date "2016.08.04"]
[Round "9.5"]
[Board "2"]
[White "Hong, Xing"]
[Black "Wang, Doudou"]
[Result "1/2-1/2"]
[BlackTitle "WIM"]
[WhiteElo "2002"]
[BlackElo "2214"]
[WhiteTeam "Qingdao"]
[BlackTeam "Hebei Ticai"]
[WhiteFideId "8606129"]
[BlackFideId "8603197"]
[EventDate "2016.07.28"]

1. e4 e5 2. d4 exd4 3. Nf3 Nc6 4. Nxd4 Nf6 5. Nxc6 bxc6 6. e5 Qe7 7. Qe2 Nd5 8.
c4 Ba6 9. b3 g6 10. g3 Bg7 11. Bb2 O-O 12. Bg2 Rae8 13. O-O Bxe5 14. Qxe5 Qxe5
15. Bxe5 Rxe5 16. cxd5 Bxf1 17. Kxf1 cxd5 18. Nc3 c6 19. Rd1 Rfe8 20. Bf3 f5 21.
Na4 Kg7 22. Nc5 R5e7 23. Nd3 g5 24. h3 a5 25. Rc1 Kf6 26. Rc5 Ra8 27. Rc2 h6 28.
Rc5 Ra7 29. Rc2 Ra8 30. Rc5 1/2-1/2

[Event "CHN Team Women 2016"]
[Site "Wuxi CHN"]
[Date "2016.08.04"]
[Round "9.5"]
[Board "3"]
[White "Yang, Yijing"]
[Black "Ha, Yihan"]
[Result "1-0"]
[WhiteTitle "WCM"]
[WhiteElo "1985"]
[BlackElo "1355"]
[WhiteTeam "Hebei Ticai"]
[BlackTeam "Qingdao"]
[WhiteFideId "8608601"]
[BlackFideId "8617120"]
[EventDate "2016.07.28"]

1. d4 Nf6 2. c4 e6 3. Nf3 Bb4+ 4. Nbd2 d5 5. Qa4+ Nc6 6. e3 Bd7 7. Qc2 O-O 8. a3
Bxd2+ 9. Bxd2 Re8 10. Bc3 Ne4 11. Bd3 Nxc3 12. Qxc3 Qf6 13. O-O dxc4 14. Bxc4
Rad8 15. Rad1 Ne7 16. e4 Bc6 17. Rfe1 Ng6 18. Qa5 Qf4 19. Qg5 Qxg5 20. Nxg5 b6
21. g3 h6 22. Nh3 Rd7 23. f4 Red8 24. f5 exf5 25. exf5 Ne7 26. Re5 Bf3 27. Rde1
Nc6 28. Re8+ Rxe8 29. Rxe8+ Kh7 30. Rf8 Nxd4 31. Bxf7 Nxf5 32. Bg8+ Kg6 33. Nf4+
Kg5 34. Rxf5+ Kxf5 35. Be6+ Ke5 36. Bxd7 g5 1-0

[Event "CHN Team Women 2016"]
[Site "Wuxi CHN"]
[Date "2016.08.04"]
[Round "9.6"]
[Board "1"]
[White "Du, Yuxin"]
[Black "Xu, Fei"]
[Result "1/2-1/2"]
[WhiteElo "2086"]
[BlackElo "1937"]
[WhiteTeam "Shenzhen Qiyuan"]
[BlackTeam "Heilongjiang Qipai"]
[WhiteFideId "8610282"]
[BlackFideId "8606099"]
[EventDate "2016.07.28"]

1. e4 c5 2. Nf3 d6 3. d4 cxd4 4. Qxd4 Nc6 5. Bb5 Bd7 6. Bxc6 Bxc6 7. Nc3 Nf6 8.
Bg5 e6 9. O-O-O Be7 10. Qd3 O-O 11. Nd4 Rc8 12. f4 Qa5 13. h4 a6 14. Kb1 Rfe8
15. h5 h6 16. Bh4 Qc7 17. g4 b5 18. a3 Qb7 19. Nxc6 Rxc6 20. e5 dxe5 21. fxe5
Nxg4 22. Bxe7 Qxe7 23. Qg3 f5 24. exf6 Nxf6 25. Rd4 Rec8 26. Rg1 e5 27. Nd5 Nxd5
28. Rxd5 Rxc2 29. Rxe5 Qf6 30. Rge1 R2c5 31. Qb3+ Kf8 32. Qb4 a5 33. Re8+ Rxe8
34. Qxc5+ Re7 35. Rxe7 Qxe7 36. Qxb5 Qe1+ 37. Ka2 Qe6+ 38. b3 Qe1 39. Qf5+ Kg8
40. Qc8+ Kf7 41. Qc4+ Kf8 42. Qc5+ Kf7 43. b4 Qd2+ 44. Kb3 Qd1+ 45. Kc4 Qf1+ 46.
Kb3 1/2-1/2

[Event "CHN Team Women 2016"]
[Site "Wuxi CHN"]
[Date "2016.08.04"]
[Round "9.6"]
[Board "2"]
[White "Hu, Yu A."]
[Black "Xu, Yuze"]
[Result "1/2-1/2"]
[WhiteElo "1934"]
[BlackElo "1820"]
[WhiteTeam "Heilongjiang Qipai"]
[BlackTeam "Shenzhen Qiyuan"]
[WhiteFideId "8609993"]
[BlackFideId "8614466"]
[EventDate "2016.07.28"]

1. e4 c5 2. Nf3 Nc6 3. d4 cxd4 4. Nxd4 g6 5. Nc3 Bg7 6. Be3 Nf6 7. Bc4 Qa5 8.
O-O O-O 9. Nb3 Qd8 10. f4 d6 11. h3 Na5 12. Nxa5 Qxa5 13. Qd2 Qc7 14. Bb3 Bd7
15. Bd4 Bc6 16. e5 Ne4 17. Nxe4 Bxe4 18. e6 f5 19. Bxg7 Kxg7 20. Qd4+ Kg8 21.
Rad1 b6 22. Kh2 Qc5 23. Qd2 a5 24. a4 Rfc8 25. Qe1 Ra7 26. Qh4 Qc6 27. Rf2 Rac7
28. Qh6 Qe8 29. c3 Qf8 30. Qh4 Kg7 31. g4 Qf6 32. g5 Qf8 33. Qg3 Rc5 34. Qe3 Kh8
35. Rfd2 Qg7 1/2-1/2

[Event "CHN Team Women 2016"]
[Site "Wuxi CHN"]
[Date "2016.08.04"]
[Round "9.6"]
[Board "3"]
[White "Wan, Qian"]
[Black "Jiang, Zhaoyi"]
[Result "1/2-1/2"]
[BlackTitle "WCM"]
[WhiteElo "1637"]
[BlackElo "1835"]
[WhiteTeam "Shenzhen Qiyuan"]
[BlackTeam "Heilongjiang Qipai"]
[WhiteFideId "8614296"]
[BlackFideId "8611050"]
[EventDate "2016.07.28"]

1. e4 e6 2. d4 d5 3. Nc3 Bb4 4. exd5 exd5 5. a3 Be7 6. Nf3 Bg4 7. Be2 Nf6 8. h3
Bh5 9. Be3 c6 10. Ne5 Bg6 11. Nxg6 hxg6 12. Bf3 Nbd7 13. Qe2 Nf8 14. O-O Ne6 15.
Qd3 O-O 16. Rfe1 Bd6 17. Rad1 Qc7 18. Ne2 Rfe8 19. Bc1 Re7 20. Kf1 Rae8 21. Nc3
Nf4 22. Bxf4 Bxf4 23. Rxe7 Rxe7 24. Re1 Rxe1+ 25. Kxe1 Bc1 26. Nd1 Qa5+ 27. c3
Qd8 28. Qc2 Bf4 29. Qe2 Bd6 30. Qe3 Qc7 31. Qe2 Qd8 32. Qe3 1/2-1/2

[Event "CHN Team Women 2016"]
[Site "Wuxi CHN"]
[Date "2016.08.04"]
[Round "9.7"]
[Board "1"]
[White "Ding, Yixin"]
[Black "Xie, Libeilei"]
[Result "1-0"]
[WhiteTitle "WGM"]
[WhiteElo "2421"]
[BlackElo "1534"]
[WhiteTeam "Zhejiang Feiao"]
[BlackTeam "Shaanxi"]
[WhiteFideId "8602972"]
[BlackFideId "8610762"]
[EventDate "2016.07.28"]

1. e4 c5 2. Nf3 d6 3. c3 Nc6 4. h3 Nf6 5. Bd3 g6 6. O-O Bg7 7. Bc2 O-O 8. d4 Nd7
9. d5 Na5 10. Bg5 b5 11. a3 Nc4 12. Ra2 a6 13. Re1 f6 14. Bc1 g5 15. Nh2 Qe8 16.
b3 Ncb6 17. Nd2 Ne5 18. Ndf1 Qg6 19. Ng3 Bh6 20. Ng4 Bg7 21. Ne3 Ra7 22. Nef5
Bxf5 23. Nxf5 h5 24. f4 gxf4 25. Bxf4 Kh8 26. Re3 Rg8 27. Bb1 Qf7 28. Rg3 Bf8
29. Rxg8+ Kxg8 30. g4 hxg4 31. Rg2 Nbd7 32. hxg4 Ng6 33. Bh2 Nde5 34. g5 Qh7 35.
gxf6 exf6 36. Bxe5 fxe5 37. Qg4 Kf7 38. Nxd6+ Bxd6 39. Qe6+ Kg7 40. Qxd6 Qh5 41.
Bd3 Rf7 42. Be2 Qh6 43. Qxe5+ Kf8 44. Qg5 Qxg5 45. Rxg5 Nf4 46. Bf1 Ke7 47. Rg8
Rf6 48. Ra8 Kf7 49. Ra7+ Kf8 50. a4 Rb6 51. a5 Rf6 52. Rc7 Nh5 53. e5 Rg6+ 54.
Kf2 Ng3 55. d6 Ke8 56. Rc8+ Kd7 57. Bh3+ 1-0